[Event "Niedersachsen-ch Seniors 47th"]
[Site "Sottrum"]
[Date "2013.03.09"]
[Round "1"]
[White "Meyer, Irmin"]
[Black "Becker, Bodo"]
[Result "1/2-1/2"]
[WhiteElo "1985"]
[BlackElo "1804"]
[PlyCount "58"]
[EventDate "2013.03.09"]
[EventType "swiss"]
[EventRounds "7"]
[EventCountry "GER"]
[SourceTitle "EXT 2023"]
[Source "ChessBase"]
[SourceDate "2022.10.05"]
[SourceVersion "1"]
[SourceVersionDate "2022.10.05"]
[SourceQuality "1"]

1. e4 e5 2. Nf3 Nc6 3. Bb5 a6 4. Ba4 Nf6 5. d4 Nxd4 6. Nxd4 exd4 7. e5 Qe7 8. 0-0 Nd5 9. c3 b5 10. Bb3 Bb7 11. cxd4 0-0-0 12. Qf3 Nb4 13. Qg3 h6 14. Nc3 g5 15. a3 Nc6 16. Nd5 Qe8 17. Be3 d6 18. Rac1 dxe5 19. dxe5 Bg7 20. f4 Rd7 21. Ba2 Kb8 22. Rc5 Ne7 23. Nf6 Bxf6 24. exf6 Nc8 25. fxg5 hxg5 26. Rfc1 Nd6 27. Re5 Qd8 28. Bxg5 Rg8 29. h4 Qxf6 1/2-1/2

[Event "Niedersachsen-ch Seniors 45th"]
[Site "Sottrum"]
[Date "2011.05.01"]
[Round "2"]
[White "Becker, Bodo"]
[Black "Hoose, Hannelore"]
[Result "1-0"]
[WhiteElo "1842"]
[BlackElo "1758"]
[PlyCount "104"]
[EventDate "2011.04.30"]
[EventType "swiss"]
[EventRounds "9"]
[EventCountry "GER"]
[SourceTitle "EXT 2023"]
[Source "ChessBase"]
[SourceDate "2022.10.05"]
[SourceVersion "1"]
[SourceVersionDate "2022.10.05"]
[SourceQuality "1"]

1. e4 e6 2. d4 d5 3. exd5 exd5 4. Nf3 c6 5. Nc3 Bd6 6. Be2 Ne7 7. 0-0 0-0 8. Bg5 f6 9. Bh4 Ng6 10. Bg3 Nf4 11. Bxf4 Bxf4 12. h3 Be6 13. Bd3 Bf7 14. Ne2 Bd6 15. Ng3 g6 16. c3 Qc7 17. Kh2 Nd7 18. Qc2 Rfe8 19. Rae1 Nf8 20. Re2 Ne6 21. Rfe1 Nf4 22. Rxe8+ Rxe8 23. Rxe8+ Bxe8 24. c4 Nh5 25. cxd5 Nxg3 26. fxg3 Bxg3+ 27. Kh1 cxd5 28. Qxc7 Bxc7 29. Kg1 Kf7 30. Kf2 Bf4 31. Ne1 h5 32. Nc2 Bd7 33. Nb4 Be6 34. Be2 Ke7 35. Nd3 Bd6 36. b3 h4 37. a4 b6 38. Kf3 g5 39. Nf2 Bb4 40. Nd1 Bf5 41. Ne3 Be4+ 42. Kf2 Bd6 43. Bf3 Bg3+ 44. Ke2 Ke6 45. Nd1 Bc2 46. Bxd5+ Kxd5 47. Ne3+ Kxd4 48. Nxc2+ Kc3 49. Ne3 Kxb3 50. a5 bxa5 51. Nd5 Be5 52. Ne7 a4 1-0

[Event "Niedersachsen-ch Seniors 42th"]
[Site "Sottrum"]
[Date "2008.04.14"]
[Round "5"]
[White "Becker, Bodo"]
[Black "Hoose, Hannelore"]
[Result "1/2-1/2"]
[WhiteElo "1551"]
[BlackElo "1585"]
[PlyCount "21"]
[EventDate "2008.04.10"]
[EventType "swiss"]
[EventRounds "9"]
[EventCountry "GER"]
[SourceTitle "EXT 2022"]
[Source "ChessBase"]
[SourceDate "2021.10.06"]
[SourceVersion "1"]
[SourceVersionDate "2021.10.06"]
[SourceQuality "1"]

1. e4 e6 2. d4 d5 3. exd5 exd5 4. Nf3 Bd6 5. Nc3 c6 6. Be2 Nf6 7. Bg5 0-0 8. 0-0 h6 9. Bh4 Bf5 10. Qd2 Nbd7 11. Rfd1 1/2-1/2

[Event "Niedersachsen-ch Seniors 41st"]
[Site "Sottrum"]
[Date "2007.03.30"]
[Round "9"]
[White "Sablotny, Juergen"]
[Black "Becker, Bodo"]
[Result "1-0"]
[WhiteElo "1652"]
[BlackElo "1527"]
[PlyCount "53"]
[EventDate "2007.03.22"]
[EventType "swiss"]
[EventRounds "9"]
[EventCountry "GER"]
[SourceTitle "EXT 2022"]
[Source "ChessBase"]
[SourceDate "2021.10.06"]
[SourceVersion "1"]
[SourceVersionDate "2021.10.06"]
[SourceQuality "1"]

1. e4 e5 2. Nf3 Nc6 3. Bc4 Nf6 4. Ng5 d5 5. exd5 Na5 6. Bb5+ c6 7. dxc6 bxc6 8. Be2 h6 9. Nf3 e4 10. Ne5 Bd6 11. d4 exd3 12. Nxd3 0-0 13. 0-0 Qc7 14. f4 Bf5 15. Nc3 Rad8 16. Qe1 Rfe8 17. Qf2 Qd7 18. b3 Nb7 19. h3 Re7 20. Bd2 Rde8 21. Rae1 Nd5 22. Nxd5 cxd5 23. Nb4 Bxb4 24. Bxb4 Be4 25. Bxe7 Qxe7 26. Bd3 Rc8 27. Ba6 1-0

[Event "Niedersachsen-ch Seniors 41st"]
[Site "Sottrum"]
[Date "2007.03.27"]
[Round "6"]
[White "Becker, Bodo"]
[Black "Perk, Egbert"]
[Result "0-1"]
[WhiteElo "1527"]
[BlackElo "1881"]
[PlyCount "53"]
[EventDate "2007.03.22"]
[EventType "swiss"]
[EventRounds "9"]
[EventCountry "GER"]
[SourceTitle "EXT 2022"]
[Source "ChessBase"]
[SourceDate "2021.10.06"]
[SourceVersion "1"]
[SourceVersionDate "2021.10.06"]
[SourceQuality "1"]

1. e4 d6 2. d4 Nf6 3. Nc3 c6 4. Nf3 Bg4 5. Be2 Nbd7 6. 0-0 e5 7. d5 Be7 8. h3 Bh5 9. Nh2 Bg6 10. f4 Bxe4 11. dxc6 Qb6+ 12. Kh1 bxc6 13. Ng4 h5 14. Nxf6+ Nxf6 15. fxe5 dxe5 16. Rxf6 Bxg2+ 17. Kxg2 gxf6 18. Ne4 Rg8+ 19. Kh1 f5 20. Nc3 Rg3 21. Qf1 Qd4 22. Bf3 e4 23. Ne2 Rxf3 24. Nxd4 Rxf1+ 25. Kg2 Rd1 26. Nxf5 Bg5 27. Nd6+ 0-1